Propuesta de Manual de procedimientos del área de la Dirección de Extensión de la Universidad Nacional de Ingeniería
Presenta una propuesta de manual de procedimientos que ayudará a mejorar el desempeño de las gestiones estratégicas, operativas y administrativas de la Dirección de Extensión y contribuirá a regular y controlar el uso adecuado de los recursos, la rapidez en los tiempos de respuesta, la comunic...
| Main Authors: | , , |
|---|---|
| Other Authors: | |
| Format: | Tesis Section = Libro |
| Language: | Undetermined Spanish |
| Published: |
Managua
UNI
2018
|
| Subjects: |
| LEADER | 01295nam a2200277Ia 4500 | ||
|---|---|---|---|
| 008 | 240830s9999 xx 000 0 und d | ||
| 040 | |a BIBLIOTECA-RUSB/ M.Mon 658.402 C352 | ||
| 041 | |a spa | ||
| 082 | |a M.Mon 658.402 C352 | ||
| 100 | 1 | |a Castillo Orozco, Yolanda Marilene | |
| 100 | 1 | |b Mena Bonilla, Silvana Gabriela | |
| 100 | 1 | |c Pomares Orozco, German Camilo | |
| 245 | 1 | 0 | |a Propuesta de Manual de procedimientos del área de la Dirección de Extensión de la Universidad Nacional de Ingeniería |
| 260 | |a Managua |b UNI |c 2018 | ||
| 300 | |a 169 p. :il. | ||
| 500 | |a Contiene: anexos y CD. | ||
| 502 | |a Tesis (Máster en Gestión Empresarial) - UNI, 2018. | ||
| 520 | 3 | |a Presenta una propuesta de manual de procedimientos que ayudará a mejorar el desempeño de las gestiones estratégicas, operativas y administrativas de la Dirección de Extensión y contribuirá a regular y controlar el uso adecuado de los recursos, la rapidez en los tiempos de respuesta, la comunicación, coordinación y organización. | |
| 650 | 7 | |a ORGANIZACION- MANUAL | |
| 650 | 7 | |b MANUALES ADMINISTRATIVOS | |
| 650 | 7 | |c DESCRIPCION DEL TRABAJO | |
| 650 | 7 | |d ADMINISTRACION DE EMPRESA | |
| 700 | 1 | |a Tutor: |b Machado Bello, Xiomara Argentina | |
| 942 | |c BK |2 ddc | ||
| 991 | |a TESIS | ||
| 999 | |c 19407 | ||